[Event "FIN-chT2 Gp3 1617"]
[Site "Finland"]
[Date "2016.10.08"]
[Round "2.1"]
[White "Karttinen, Risto"]
[Black "Eskola, Risto"]
[Result "1/2-1/2"]
[WhiteElo "1903"]
[BlackElo "2106"]
[PlyCount "80"]
[EventDate "2016.09.17"]
[EventType "team-tourn"]
[EventRounds "6"]
[EventCountry "FIN"]
[SourceTitle "EXT 2019"]
[Source "ChessBase"]
[SourceDate "2018.10.10"]
[SourceVersion "1"]
[SourceVersionDate "2018.10.10"]
[SourceQuality "1"]
[WhiteTeam "Tampere Tammer IV"]
[BlackTeam "Helsinki X"]
[WhiteTeamCountry "FIN"]
[BlackTeamCountry "FIN"]

1. c4 g6 2. g3 Bg7 3. Bg2 e5 4. Nc3 d6 5. e4 Nc6 6. Nge2 Be6 7. d3 Qd7 8. Nd5 Nce7 9. d4 c6 10. Nxe7 Nxe7 11. d5 Bh3 12. 0-0 Bxg2 13. Kxg2 0-0 14. f3 f5 15. Bg5 fxe4 16. fxe4 Rxf1 17. Qxf1 Rf8 18. Qg1 cxd5 19. cxd5 Qb5 20. Qd1 Qb4 21. Qd3 Nc8 22. a3 Qb6 23. Be3 Qd8 24. Ng1 Qd7 25. Nf3 Bf6 26. Rc1 Nb6 27. b3 Rc8 28. Rxc8+ Qxc8 29. Nd2 Bd8 30. a4 a6 31. a5 Nd7 32. Qc4 Qxc4 33. Nxc4 Bc7 34. Bb6 Bb8 35. Kf3 Kf7 36. Ke3 Ke7 37. Kd3 Nf6 38. Ne3 h5 39. h3 Kd7 40. Nc4 Bc7 1/2-1/2

[Event "FIN-chT1B 1617"]
[Site "Finland"]
[Date "2016.09.17"]
[Round "1.6"]
[White "Upero, Jussi"]
[Black "Karttinen, Risto"]
[Result "1-0"]
[WhiteElo "2144"]
[BlackElo "1903"]
[PlyCount "69"]
[EventDate "2016.09.17"]
[EventType "team-tourn"]
[EventRounds "7"]
[EventCountry "FIN"]
[SourceTitle "EXT 2019"]
[Source "ChessBase"]
[SourceDate "2018.10.10"]
[SourceVersion "1"]
[SourceVersionDate "2018.10.10"]
[SourceQuality "1"]
[WhiteTeam "Kotka KymS"]
[BlackTeam "Tampere Tammer III"]
[WhiteTeamCountry "FIN"]
[BlackTeamCountry "FIN"]

1. e4 d6 2. d4 Nf6 3. Nc3 g6 4. Bg5 Bg7 5. Qd2 h6 6. Bh4 g5 7. Bg3 Nh5 8. 0-0-0 Nc6 9. Qe3 e6 10. Be2 Nxg3 11. hxg3 a6 12. f4 Qf6 13. Nf3 gxf4 14. gxf4 Bd7 15. e5 dxe5 16. dxe5 Qe7 17. f5 f6 18. Nd4 Nxd4 19. Bh5+ Kd8 20. Qxd4 fxe5 21. Qc4 exf5 22. Bf7 Kc8 23. Rxd7 Kxd7 24. Rd1+ Kc8 25. Be6+ Kb8 26. Rd7 Qg5+ 27. Kb1 Rc8 28. a4 Qxg2 29. Nd5 Qg1+ 30. Ka2 Qd4 31. Qb3 Qc5 32. Rxg7 Ka7 33. Bxf5 Rd8 34. Nxc7 Qf8 35. Ne6 1-0

[Event "FIN-chT2 Gp2 1516"]
[Site "Finland"]
[Date "2015.09.12"]
[Round "1.3"]
[White "Karttinen, Risto"]
[Black "Varho, Ilkka"]
[Result "1-0"]
[WhiteElo "1907"]
[BlackElo "1885"]
[PlyCount "55"]
[EventDate "2015.09.12"]
[EventType "team-tourn"]
[EventRounds "6"]
[EventCountry "FIN"]
[SourceTitle "EXT 2017"]
[Source "ChessBase"]
[SourceDate "2016.10.25"]
[SourceVersion "1"]
[SourceVersionDate "2016.10.25"]
[SourceQuality "1"]
[WhiteTeam "Tampere Tammer IV"]
[BlackTeam "Helsinki HSK IV"]
[WhiteTeamCountry "FIN"]
[BlackTeamCountry "FIN"]

1. c4 Nf6 2. g3 d5 3. cxd5 Nxd5 4. Bg2 e6 5. Nc3 Nxc3 6. bxc3 Nd7 7. Rb1 c5 8. Qa4 Qc7 9. d4 Bd6 10. Nf3 0-0 11. 0-0 Nb6 12. Qb3 Bd7 13. e4 Ba4 14. Qb2 cxd4 15. cxd4 Bc2 16. e5 Be7 17. Ra1 Na4 18. Qb5 a6 19. Qe2 Qc3 20. Bd2 Qb2 21. Rfc1 Rac8 22. Ne1 Ba3 23. Bxb7 Qxb7 24. Rxc2 Rxc2 25. Nxc2 Qb2 26. Bc1 Qxc1+ 27. Rxc1 Bxc1 28. Qxa6 1-0

[Event "Espoo We MatSK A"]
[Site "Espoo"]
[Date "2013.02.24"]
[Round "4"]
[White "Karttinen, Risto"]
[Black "Aijala, Jouko"]
[Result "1/2-1/2"]
[WhiteElo "1910"]
[BlackElo "2130"]
[PlyCount "112"]
[EventDate "2013.02.22"]
[EventType "swiss"]
[EventRounds "5"]
[EventCountry "FIN"]
[SourceTitle "EXT 2022"]
[Source "ChessBase"]
[SourceDate "2021.10.06"]
[SourceVersion "1"]
[SourceVersionDate "2021.10.06"]
[SourceQuality "1"]

1. c4 Nf6 2. g3 g6 3. Bg2 Bg7 4. Nc3 0-0 5. d3 d6 6. Bg5 c6 7. Qd2 Na6 8. e4 Nc7 9. h3 e5 10. Nge2 Be6 11. b3 d5 12. exd5 cxd5 13. Rd1 Re8 14. 0-0 Qd7 15. Kh2 Rab8 16. f4 Nh5 17. fxe5 d4 18. Ne4 Bxe5 19. Nf4 Nxf4 20. Bxf4 Bg7 21. Nd6 Red8 22. Nxb7 Re8 23. Nc5 Qe7 24. Nxe6 fxe6 25. Bh6 Rf8 26. Bxg7 Kxg7 27. Rf4 e5 28. Rxf8 Rxf8 29. Re1 Rf6 30. h4 Ne8 31. Qg5 Re6 32. Qxe7+ Rxe7 33. c5 Kf6 34. b4 Rc7 35. c6 Nd6 36. a4 a6 37. Bd5 Rc8 38. Kg2 Rb8 39. Rb1 Ke7 40. Kf3 Kd8 41. b5 axb5 42. axb5 Kc7 43. Bc4 e4+ 44. Ke2 Kb6 45. Rf1 Nf5 46. Rf4 exd3+ 47. Bxd3 Nxg3+ 48. Kf3 Nf5 49. h5 Rd8 50. hxg6 hxg6 51. Rg4 Nd6 52. Rxd4 Rf8+ 53. Kg4 Nxb5 54. Bxb5 Kxb5 55. Rd6 Rc8 56. Rxg6 Rxc6 1/2-1/2

[Event "Espoo We MatSK A"]
[Site "Espoo"]
[Date "2013.02.23"]
[Round "2"]
[White "Karttinen, Risto"]
[Black "Rehn, Ralf"]
[Result "0-1"]
[WhiteElo "1910"]
[BlackElo "2162"]
[PlyCount "96"]
[EventDate "2013.02.22"]
[EventType "swiss"]
[EventRounds "5"]
[EventCountry "FIN"]
[SourceTitle "EXT 2022"]
[Source "ChessBase"]
[SourceDate "2021.10.06"]
[SourceVersion "1"]
[SourceVersionDate "2021.10.06"]
[SourceQuality "1"]

1. c4 e5 2. g3 Nf6 3. Bg2 Bb4 4. a3 Be7 5. Nc3 c6 6. Nf3 d6 7. d4 Qc7 8. 0-0 0-0 9. b3 Bg4 10. h3 Bh5 11. Bb2 Nbd7 12. Rc1 Rfe8 13. d5 Bf8 14. Nh4 e4 15. g4 Bg6 16. g5 Nh5 17. Nxg6 hxg6 18. Bxe4 Nf4 19. Kh2 Nc5 20. Bf3 Qe7 21. b4 Nd7 22. e3 Qxg5 23. exf4 Qxf4+ 24. Kh1 Ne5 25. Bg2 c5 26. Ne2 Qh4 27. Bxe5 dxe5 28. b5 Bd6 29. f3 f5 30. Qe1 Qh6 31. Qf2 g5 32. Kg1 Qf6 33. Ra1 b6 34. a4 Rf8 35. Ra2 Rae8 36. a5 Qe7 37. axb6 axb6 38. Qe3 Ra8 39. Rfa1 Rxa2 40. Rxa2 e4 41. Ra6 Bc7 42. Kf2 g4 43. f4 Qh4+ 44. Kg1 Qe1+ 45. Bf1 g5 46. fxg5 g3 47. Ra7 f4 48. Qxe4 Qf2+ 0-1

[Event "Espoo We MatSK A"]
[Site "Espoo"]
[Date "2013.02.23"]
[Round "3"]
[White "Patola, Eero"]
[Black "Karttinen, Risto"]
[Result "0-1"]
[WhiteElo "1932"]
[BlackElo "1910"]
[PlyCount "110"]
[EventDate "2013.02.22"]
[EventType "swiss"]
[EventRounds "5"]
[EventCountry "FIN"]
[SourceTitle "EXT 2022"]
[Source "ChessBase"]
[SourceDate "2021.10.06"]
[SourceVersion "1"]
[SourceVersionDate "2021.10.06"]
[SourceQuality "1"]

1. e4 d6 2. d3 g6 3. c4 c5 4. Nc3 Bg7 5. g3 Nc6 6. Bg2 e6 7. Nge2 Nge7 8. Be3 a6 9. 0-0 Nd4 10. f4 0-0 11. Rb1 Nec6 12. a3 Rb8 13. g4 b5 14. Ng3 bxc4 15. dxc4 Na5 16. Qd3 Rb3 17. f5 Nac6 18. Qd2 Ne5 19. fxg6 hxg6 20. Bg5 Qc7 21. Bf6 Bxf6 22. Rxf6 Nxg4 23. Rf4 Ne5 24. Rbf1 Qd8 25. Qc1 Nd3 26. Qd2 Nxf4 27. Qxf4 Kg7 28. e5 dxe5 29. Qxe5+ f6 30. Qxc5 Qb6 31. Qxb6 Rxb6 32. b4 Nc2 33. Na4 Rd6 34. c5 Rd4 35. Ne2 Rd2 36. Nec3 Nxa3 37. Nb6 Nc2 38. Ne4 Rxg2+ 39. Kxg2 Bb7 40. Kf2 Bxe4 41. Rb1 f5 42. Rb2 Rd8 43. c6 Rd2+ 44. Kg3 Bxc6 45. Nc4 Rd3+ 46. Kf2 Nd4 47. Ne5 Rc3 48. Rd2 Nb5 49. Ra2 Bb7 50. Nd7 Rc4 51. Nc5 Bc8 52. Nxa6 Bxa6 53. Rxa6 Kf6 54. Ra4 Nc3 55. Ra3 Ne4+ 0-1

[Event "FIN-chT1 East 1213"]
[Site "Finland"]
[Date "2013.02.09"]
[Round "6.7"]
[White "Karttinen, Risto"]
[Black "Suseenthiram, Rajaji"]
[Result "0-1"]
[WhiteElo "1906"]
[BlackElo "1786"]
[PlyCount "82"]
[EventDate "2012.09.29"]
[EventType "team-tourn"]
[EventRounds "7"]
[EventCountry "FIN"]
[SourceTitle "EXT 2019"]
[Source "ChessBase"]
[SourceDate "2018.10.10"]
[SourceVersion "1"]
[SourceVersionDate "2018.10.10"]
[SourceQuality "1"]
[WhiteTeam "Tampere Tammer II"]
[BlackTeam "Helsinki HSK"]
[WhiteTeamCountry "FIN"]
[BlackTeamCountry "FIN"]

1. c4 Nf6 2. g3 g6 3. Bg2 Bg7 4. Nc3 0-0 5. d3 e5 6. e4 d6 7. Nge2 c6 8. 0-0 Be6 9. h3 Na6 10. f4 exf4 11. Nxf4 Qb6+ 12. Kh2 Nd7 13. Qe2 Rae8 14. Be3 Qb4 15. Rac1 Nac5 16. Qd2 Ne5 17. b3 g5 18. Nxe6 Nxe6 19. d4 Ng6 20. Qd3 h5 21. a3 Qxa3 22. Ra1 Qxb3 23. Rfb1 Nc5 24. Rxb3 Nxd3 25. Rd1 f5 26. Rxd3 f4 27. gxf4 gxf4 28. Bf2 b6 29. Ra3 Re7 30. Ra6 Ref7 31. Bf3 h4 32. Na2 c5 33. Nc3 cxd4 34. Bxd4 Bxd4 35. Rxd4 Ne5 36. Bg2 f3 37. Bf1 f2 38. Rxd6 Rg7 39. Ne2 Nf3+ 40. Kh1 Rg1+ 41. Nxg1 fxg1Q# 0-1

[Event "FIN-chT1 West 1213"]
[Site "Finland"]
[Date "2013.01.12"]
[Round "5.8"]
[White "Ruotanen, Helge"]
[Black "Karttinen, Risto"]
[Result "1-0"]
[WhiteElo "1975"]
[BlackElo "1906"]
[PlyCount "39"]
[EventDate "2012.09.29"]
[EventType "team-tourn"]
[EventRounds "7"]
[EventCountry "FIN"]
[SourceTitle "EXT 2019"]
[Source "ChessBase"]
[SourceDate "2018.10.10"]
[SourceVersion "1"]
[SourceVersionDate "2018.10.10"]
[SourceQuality "1"]
[WhiteTeam "Helsinki KS 58"]
[BlackTeam "Tampere Tammer III"]
[WhiteTeamCountry "FIN"]
[BlackTeamCountry "FIN"]

1. g3 d6 2. Bg2 e5 3. Nc3 f5 4. d4 Nd7 5. e4 fxe4 6. Bxe4 Ngf6 7. Bg2 exd4 8. Qxd4 Nc5 9. Be3 Ne6 10. Qd2 Ng4 11. 0-0-0 Nxe3 12. Qxe3 Be7 13. Bd5 Qd7 14. Re1 Nc5 15. f4 c6 16. Bg2 Kd8 17. b4 Na6 18. b5 Nc5 19. bxc6 bxc6 20. Bxc6 1-0

[Event "FIN-chT1 East 1213"]
[Site "Finland"]
[Date "2012.11.17"]
[Round "3.8"]
[White "Engelberg, Jan"]
[Black "Karttinen, Risto"]
[Result "1/2-1/2"]
[WhiteElo "1852"]
[BlackElo "1906"]
[PlyCount "30"]
[EventDate "2012.09.29"]
[EventType "team-tourn"]
[EventRounds "7"]
[EventCountry "FIN"]
[SourceTitle "EXT 2019"]
[Source "ChessBase"]
[SourceDate "2018.10.10"]
[SourceVersion "1"]
[SourceVersionDate "2018.10.10"]
[SourceQuality "1"]
[WhiteTeam "Kotka KymS"]
[BlackTeam "Tampere Tammer II"]
[WhiteTeamCountry "FIN"]
[BlackTeamCountry "FIN"]

1. e4 d6 2. d4 Nf6 3. Nc3 g6 4. Bc4 Bg7 5. Nf3 0-0 6. h3 Nxe4 7. Bxf7+ Rxf7 8. Nxe4 h6 9. Be3 Qf8 10. Qe2 Nc6 11. 0-0-0 e5 12. Qc4 Na5 13. Qe2 Nc6 14. Qc4 Na5 15. Qe2 Nc6 1/2-1/2

[Event "FIN-chT1 West 1213"]
[Site "Finland"]
[Date "2012.10.27"]
[Round "2.2"]
[White "Karttinen, Risto"]
[Black "Tammela, Kari"]
[Result "0-1"]
[WhiteElo "1906"]
[BlackElo "2179"]
[PlyCount "126"]
[EventDate "2012.09.29"]
[EventType "team-tourn"]
[EventRounds "7"]
[EventCountry "FIN"]
[SourceTitle "EXT 2019"]
[Source "ChessBase"]
[SourceDate "2018.10.10"]
[SourceVersion "1"]
[SourceVersionDate "2018.10.10"]
[SourceQuality "1"]
[WhiteTeam "Tampere Tammer III"]
[BlackTeam "Vaasa VSS"]
[WhiteTeamCountry "FIN"]
[BlackTeamCountry "FIN"]

1. c4 Nf6 2. g3 c5 3. Bg2 Nc6 4. Nc3 d6 5. a3 Rb8 6. Rb1 g6 7. b4 cxb4 8. axb4 Be6 9. d3 Bg7 10. Nh3 0-0 11. Nf4 Bd7 12. b5 Na5 13. 0-0 e6 14. Qc2 Rc8 15. Ba3 Qc7 16. Rfc1 Rfd8 17. Qa2 b6 18. Bb4 g5 19. Nh3 h6 20. Ra1 Ng4 21. Bxa5 bxa5 22. Qxa5 Qxa5 23. Rxa5 Bd4 24. e3 Nxe3 25. Ne2 Bb6 26. Ra2 Nxg2 27. Kxg2 Rc7 28. f4 f6 29. Nf2 Bc8 30. Kf1 Bb7 31. fxg5 fxg5 32. g4 Rf7 33. d4 Rdf8 34. Ng3 Bxd4 35. Rcc2 Bf3 36. h3 Bb7 37. Ke1 Rf3 38. Nge4 Bxe4 39. Nxe4 d5 40. cxd5 exd5 41. Nd6 Rxh3 42. Nf5 Re8+ 43. Kf1 Bb6 44. Rh2 Rf3+ 45. Kg2 Rf4 46. Kg3 d4 47. Rxh6 Ree4 48. Rg6+ Kf7 49. Rxg5 Kf6 50. Rg8 d3 51. Rd2 Rxg4+ 52. Rxg4 Kxf5 53. Rg8 Re3+ 54. Kg2 Ba5 55. Rf8+ Ke4 56. Rd1 d2 57. Rf2 Kd3 58. Rf3 Ke2 59. Rxe3+ Kxe3 60. Kf1 Bc3 61. Rb1 Bb2 62. Rd1 Bc1 63. Kg1 Ke2 0-1

[Event "Helsinki We Garde 2nd Group B"]
[Site "Helsinki"]
[Date "2012.08.27"]
[Round "3"]
[White "Karttinen, Risto"]
[Black "Tiilikainen, Mikko"]
[Result "1-0"]
[WhiteElo "1924"]
[BlackElo "1931"]
[PlyCount "97"]
[EventDate "2012.08.26"]
[EventType "swiss"]
[EventRounds "5"]
[EventCountry "FIN"]
[SourceTitle "EXT 2022"]
[Source "ChessBase"]
[SourceDate "2021.10.06"]
[SourceVersion "1"]
[SourceVersionDate "2021.10.06"]
[SourceQuality "1"]

1. c4 f5 2. g3 Nf6 3. Bg2 e6 4. Nf3 Be7 5. 0-0 0-0 6. d3 d6 7. b4 e5 8. Nc3 Qe8 9. Nd5 Bd8 10. Bg5 Nbd7 11. Nh4 c6 12. Nc3 Qh5 13. Bd2 Ng4 14. h3 Nh6 15. Bf3 Qf7 16. Ng2 g5 17. Ne3 Nf6 18. b5 f4 19. Ng4 Nhxg4 20. hxg4 Bxg4 21. Bg2 Rc8 22. a4 fxg3 23. a5 gxf2+ 24. Rxf2 Qh5 25. Qf1 Be7 26. a6 bxa6 27. bxc6 Be6 28. Nd5 Bxd5 29. cxd5 g4 30. Rf5 Qh4 31. Bg5 Qg3 32. Rxa6 Rc7 33. Bh6 Rf7 34. Ra1 Bf8 35. Bd2 Nxd5 36. Be1 Qe3+ 37. Kh1 Qh6+ 38. Kg1 Ne3 39. Rxf7 Nxf1 40. Rxc7 Ne3 41. Rcxa7 Nxg2 42. c7 Nxe1 43. c8Q Qe3+ 44. Kf1 Qf4+ 45. Kxe1 Qb4+ 46. Kf2 h5 47. Qe6+ Kh8 48. Qf6+ Kg8 49. Qf7+ 1-0

[Event "Helsinki We Garde 2nd Group B"]
[Site "Helsinki"]
[Date "2012.08.27"]
[Round "2"]
[White "Kugappi, Tomi"]
[Black "Karttinen, Risto"]
[Result "1/2-1/2"]
[WhiteElo "1792"]
[BlackElo "1924"]
[PlyCount "69"]
[EventDate "2012.08.26"]
[EventType "swiss"]
[EventRounds "5"]
[EventCountry "FIN"]
[SourceTitle "EXT 2022"]
[Source "ChessBase"]
[SourceDate "2021.10.06"]
[SourceVersion "1"]
[SourceVersionDate "2021.10.06"]
[SourceQuality "1"]

1. e4 d6 2. d4 Nf6 3. Nc3 g6 4. Nf3 Bg7 5. Be2 c6 6. 0-0 0-0 7. Bf4 Nbd7 8. Qd2 b5 9. a3 a6 10. Rad1 Bb7 11. e5 dxe5 12. dxe5 Nd5 13. Nxd5 cxd5 14. Qe3 Rc8 15. e6 fxe6 16. Qxe6+ Kh8 17. Be5 Nxe5 18. Nxe5 Qe8 19. Bd3 Rf6 20. Qg4 Rd8 21. Rde1 Bc8 22. Qh4 Kg8 23. f4 Bf5 24. Bxf5 gxf5 25. Rf3 Rc8 26. c3 a5 27. Rh3 Rh6 28. Qg3 Rxh3 29. Qxh3 e6 30. Qe3 Bxe5 31. Qxe5 Kf7 32. Qe2 Kf6 33. Qe5+ Kf7 34. Qe2 Kf6 35. Qe5+ 1/2-1/2

[Event "FIN-chT1A 1112"]
[Site "Finland"]
[Date "2011.09.17"]
[Round "1"]
[White "Tiilikainen, Mikko"]
[Black "Karttinen, Risto"]
[Result "1-0"]
[WhiteElo "1898"]
[BlackElo "1942"]
[PlyCount "77"]
[EventDate "2011.09.17"]
[EventType "team-tourn"]
[EventRounds "7"]
[EventCountry "FIN"]
[SourceTitle "EXT 2019"]
[Source "ChessBase"]
[SourceDate "2018.10.10"]
[SourceVersion "1"]
[SourceVersionDate "2018.10.10"]
[SourceQuality "1"]
[WhiteTeam "Vantaa Remi"]
[BlackTeam "Tampere Tammer II"]
[WhiteTeamCountry "FIN"]
[BlackTeamCountry "FIN"]

1. d4 d6 2. Nc3 Nf6 3. Bf4 Nh5 4. Bg5 h6 5. Bh4 g6 6. e3 Bg7 7. Bc4 c6 8. f4 Qa5 9. Nge2 b5 10. Bb3 Qc7 11. 0-0 0-0 12. Qd3 a6 13. Qxg6 Nf6 14. Bxf6 exf6 15. Rf3 Be6 16. Bxe6 fxe6 17. Rh3 Qf7 18. Rxh6 Qxg6 19. Rxg6 Kf7 20. Rg4 Nd7 21. Rf1 f5 22. Rh4 Nf6 23. Rf3 b4 24. Nd1 Nd5 25. g4 fxg4 26. Rxg4 Nf6 27. Rg2 Bh6 28. Nf2 a5 29. Ng4 Nxg4 30. Rxg4 a4 31. Rh3 Rg8 32. Rhg3 Rxg4 33. Rxg4 b3 34. cxb3 axb3 35. a3 e5 36. Rh4 Kg6 37. Kf2 Ra4 38. dxe5 dxe5 39. f5+ 1-0

[Event "Helsinki We HSK 8th Group A"]
[Site "Helsinki"]
[Date "2011.08.27"]
[Round "3"]
[White "Julkunen, Tapio"]
[Black "Karttinen, Risto"]
[Result "0-1"]
[WhiteElo "1976"]
[BlackElo "1975"]
[PlyCount "114"]
[EventDate "2011.08.26"]
[EventType "swiss"]
[EventRounds "5"]
[EventCountry "FIN"]
[SourceTitle "EXT 2022"]
[Source "ChessBase"]
[SourceDate "2021.10.06"]
[SourceVersion "1"]
[SourceVersionDate "2021.10.06"]
[SourceQuality "1"]

1. d4 d6 2. e4 Nf6 3. Nc3 g6 4. Be2 Bg7 5. Be3 c6 6. Qd2 h5 7. f3 Qc7 8. Bd3 b5 9. Nge2 Nbd7 10. 0-0 Nb6 11. b3 a6 12. Rae1 Bb7 13. e5 dxe5 14. dxe5 Nfd5 15. e6 f5 16. Bf2 Bh6 17. Qd1 Ne3 18. Bxe3 Bxe3+ 19. Kh1 0-0-0 20. Ng1 Bf4 21. h3 Bg3 22. Re2 c5 23. Qb1 c4 24. Rc1 Bf4 25. Rd1 cxd3 26. cxd3 Rd6 27. Rc2 Rc6 28. Nge2 Be3 29. d4 b4 30. d5 Rxc3 31. Nxc3 bxc3 32. Qa1 Kb8 33. Rxc3 Qf4 34. Rxe3 Qxe3 35. Qxh8+ Ka7 36. Qa1 Nxd5 37. Re1 Qf4 38. Qc1 Qxc1 39. Rxc1 Kb6 40. Kg1 Nf4 41. Rd1 Bc8 42. Rd8 Bxe6 43. Re8 Nd5 44. Kf2 Kc7 45. Ra8 Bc8 46. g4 fxg4 47. fxg4 hxg4 48. hxg4 Kb7 49. Rxc8 Kxc8 50. Kf3 Kd7 51. Ke4 Ke6 52. a3 g5 53. b4 Nf6+ 54. Kd4 Kd6 55. a4 Nxg4 56. b5 axb5 57. axb5 Nf6 0-1

[Event "Helsinki We HSK 8th Group A"]
[Site "Helsinki"]
[Date "2011.08.27"]
[Round "2"]
[White "Karttinen, Risto"]
[Black "Suominen, Antti"]
[Result "0-1"]
[WhiteElo "1975"]
[BlackElo "1994"]
[PlyCount "54"]
[EventDate "2011.08.26"]
[EventType "swiss"]
[EventRounds "5"]
[EventCountry "FIN"]
[SourceTitle "EXT 2022"]
[Source "ChessBase"]
[SourceDate "2021.10.06"]
[SourceVersion "1"]
[SourceVersionDate "2021.10.06"]
[SourceQuality "1"]

1. c4 e5 2. Nc3 Nf6 3. g3 c6 4. Nf3 e4 5. Nd4 d5 6. cxd5 Qb6 7. Nb3 cxd5 8. Bg2 Bb4 9. 0-0 0-0 10. d4 Nc6 11. e3 Be6 12. f3 exf3 13. Bxf3 Rfe8 14. Qd3 Rad8 15. Na4 Qc7 16. a3 Bd6 17. Kg2 Ne4 18. Bxe4 dxe4 19. Qd1 Qc8 20. Rf2 Bg4 21. Qe1 Bf3+ 22. Kg1 Qh3 23. Qf1 Qh5 24. Rxf3 exf3 25. Nc3 Re6 26. Qf2 Rh6 27. Nd2 Bxg3 0-1

[Event "Tampere We TammerSh 8th"]
[Site "Tampere"]
[Date "2011.??.??"]
[Round "3"]
[White "Auvinen, Esa"]
[Black "Karttinen, Risto"]
[Result "1/2-1/2"]
[WhiteElo "1969"]
[BlackElo "1975"]
[PlyCount "88"]
[EventDate "2011.??.??"]
[EventType "swiss"]
[EventRounds "5"]
[EventCountry "FIN"]
[SourceTitle "EXT 2022"]
[Source "ChessBase"]
[SourceDate "2021.10.06"]
[SourceVersion "1"]
[SourceVersionDate "2021.10.06"]
[SourceQuality "1"]

1. e4 d6 2. d4 Nf6 3. Nc3 g6 4. Nf3 Bg7 5. Be2 c6 6. 0-0 0-0 7. Bf4 Nbd7 8. Qd2 e5 9. Bh6 Qe7 10. Bxg7 Kxg7 11. Rad1 h6 12. Rfe1 Re8 13. Bf1 Nf8 14. h3 Qc7 15. dxe5 dxe5 16. Qd6 Qxd6 17. Rxd6 Re7 18. Red1 Ne8 19. R6d2 f6 20. Bc4 Rd7 21. a4 Nc7 22. Kf1 Nce6 23. b4 Kf7 24. b5 Ke7 25. Bb3 a6 26. bxc6 bxc6 27. a5 Nc5 28. Ba4 Rxd2 29. Nxd2 Bd7 30. Rb1 Nfe6 31. Nc4 Nd4 32. Nb6 Ra7 33. Rb2 Be6 34. f3 Nb7 35. Na2 Nxa5 36. c3 Nb5 37. Bc2 Nc4 38. Nxc4 Bxc4+ 39. Ke1 Bxa2 40. Rxa2 Nxc3 41. Rb2 Nb5 42. Bd3 h5 43. Kd2 h4 44. Kc2 g5 1/2-1/2